000 00388nam a2200169Ia 4500
005 20240823043232.0
008 240823s9999||||xx |||||||||||||| ||und||
041 _aENGLISH
082 _A519.4
100 _aHerbert S Wiff
245 0 _aAlgorithms and Complexity
250 _a1st
260 _b#VALUE!
500 _aTRANSFERED
650 _aAlgorithms
_bMathematics
942 _cBK
999 _c209757
_d209757